El Directorio ascético de Scaramelli

Saved in:
Bibliografiske detaljer
Hovedforfatter: Pequenino, Miguel (Author)
Format: Bog
Sprog:spansk
Udgivet: Pamplona Gratis Date 1997
Serier:Cuadernos, A5
Fag:
Tags: Tilføj Tag
Ingen Tags, Vær først til at tagge denne postø!

MARC

LEADER 00000nam a2200000 a 4500
001 UCM0597
003 CL-VaPUC
008 020301e19970000SP |||||||||||||||||spa|d
082 0 4 |a 291.447  |b PEQ  |2 21 
100 0 |a Pequenino, Miguel  |e author  |9 467498 
245 1 3 |a El Directorio ascético de Scaramelli 
300 |a 46 p 
942 |c BK 
945 |d 20020301 00:00:00  |a cmena 
260 |a Pamplona  |b Gratis Date  |c 1997 
600 0 7 |a SCARAMELLI, JUAN BAUTISTA  |2 CL-VaPUC  |9 467499 
650 0 |a Ascetismo   |9 319291 
650 0 |a Vida religiosa  |9 257284 
650 0 |a Espiritualidad   |9 267331 
650 7 |a DOCTRINAS RELIGIOSAS  |2 CL-VaPUC  |9 337177 
583 |a last modification  |c 20020301 00:00:00  |k Rodrigo Vera 
490 0 |a Cuadernos, A5 
999 |c 299481  |d 299479 
952 |0 0  |1 0  |4 0  |6 291_447000000000000_PEQ_1997  |7 0  |8 A  |9 356043  |a BIBTEO  |b BIBTEO  |d 2019-11-21  |i 3792099  |o 291.447 PEQ 1997  |p 3792099  |r 2024-01-18  |w 2019-11-21  |y BK  |k ICR